Statistiques concernant Evolutions de Pokémon - 9ème Génération

Cliquez ici pour prendre le quiz!

Statistiques générales

  • Ce quiz a été pris 12 fois
  • Le résultat moyen est 20 sur 24

Statistiques - réponses

PokémonEvolution% Correct
Chochodile (2)Flâmigator
100%
MordudorGromago
92%
Poussacha (2)Miascarade
92%
Coiffeton (2)Palmaval
92%
Pohm (2)Pohmarmotte
92%
PohmPohmotte
92%
PimitoScovilain
92%
FlotillonCléopsytra
83%
ChochodileCrocogril
83%
Forgerette (2)Forgelina
83%
ForgeretteForgella
83%
Selutin (2)Gigansel
83%
Frigodo (2)Glaivodo
83%
SelutinAmassel
75%
Olivini (2)Arboliva
75%
PâtachiotBriochien
75%
CoiffetonCanarbello
75%
GourmeletFragroin
75%
ZapétrelFulgulairo
75%
PoussachaMatourgeon
75%
OliviniOlivado
75%
GribouraigneTag-Tag
75%
ToutombeTomberro
75%
FrigodoCryodo
67%

Distribution des résultats

Percentile par nombre de réponses

% des personnes avec chaque résultat

Votre développement - résultats

Vous n’avez pas pris ce quiz